[Event "Lima Surco op 4th"]
[Site "Lima"]
[Date "2017.10.29"]
[Round "6"]
[White "Quispe Limo, Josue Arnaldo"]
[Black "Arevalo Perez, Luis Alexander"]
[Result "1/2-1/2"]
[WhiteElo "1687"]
[BlackElo "1581"]
[PlyCount "45"]
[EventDate "2017.10.15"]
[EventType "swiss"]
[EventRounds "7"]
[EventCountry "PER"]
[SourceTitle "EXT 2019"]
[Source "ChessBase"]
[SourceDate "2018.10.10"]
[SourceVersion "1"]
[SourceVersionDate "2018.10.10"]
[SourceQuality "1"]

1. c4 Nf6 2. Nc3 e6 3. Nf3 b6 4. g3 Bb7 5. Bg2 Be7 6. d4 d5 7. Ne5 0-0 8. 0-0 Nbd7 9. f4 c5 10. e3 Ne4 11. Nxe4 dxe4 12. Qc2 f5 13. Rd1 Nxe5 14. dxe5 Qc7 15. b3 Rfd8 16. Bb2 Rxd1+ 17. Rxd1 Rd8 18. Bc3 Rd7 19. Bf1 Qd8 20. Be2 Rxd1+ 21. Qxd1 Qxd1+ 22. Bxd1 Kf7 23. h3 1/2-1/2

[Event "Lima Surco op 4th"]
[Site "Lima"]
[Date "2017.10.21"]
[Round "3"]
[White "Vega Paucar, Emely Bachellet"]
[Black "Quispe Limo, Josue Arnaldo"]
[Result "1/2-1/2"]
[WhiteElo "1443"]
[BlackElo "1687"]
[PlyCount "73"]
[EventDate "2017.10.15"]
[EventType "swiss"]
[EventRounds "7"]
[EventCountry "PER"]
[SourceTitle "EXT 2019"]
[Source "ChessBase"]
[SourceDate "2018.10.10"]
[SourceVersion "1"]
[SourceVersionDate "2018.10.10"]
[SourceQuality "1"]

1. e4 e6 2. d4 d5 3. e5 c5 4. c3 Nc6 5. Nf3 Qb6 6. a3 Nge7 7. b4 c4 8. Nbd2 a5 9. Bb2 Bd7 10. Bxc4 axb4 11. axb4 Rc8 12. Bd3 Ng6 13. g3 Na7 14. 0-0 Nb5 15. Rc1 Be7 16. Nb3 0-0 17. Qe2 Na7 18. Ra1 Bb5 19. Rfd1 Bxd3 20. Qxd3 Nb5 21. Ra5 Nxc3 22. Bxc3 Rxc3 23. Qxc3 Bxb4 24. Qa1 Bxa5 25. Nxa5 Ra8 26. Qb1 Qxa5 27. Qxb7 Qa7 28. Rb1 h6 29. Qb5 Qc7 30. Kg2 Rc8 31. Qa6 Rb8 32. Ra1 Qb7 33. Qd6 Ne7 34. Rc1 Nf5 35. Qc5 Qb2 36. Rc2 Qb4 37. Qc7 1/2-1/2

[Event "Lima Surco op 2nd"]
[Site "Lima"]
[Date "2017.07.16"]
[Round "7"]
[White "Quispe Limo, Josue Arnaldo"]
[Black "Nino De Guzman, Gerson"]
[Result "0-1"]
[WhiteElo "1589"]
[BlackElo "1750"]
[PlyCount "84"]
[EventDate "2017.07.08"]
[EventType "swiss"]
[EventRounds "9"]
[EventCountry "PER"]
[SourceTitle "EXT 2018"]
[Source "ChessBase"]
[SourceDate "2017.10.13"]
[SourceVersion "1"]
[SourceVersionDate "2017.10.13"]
[SourceQuality "1"]

1. c4 e5 2. Nc3 Nf6 3. g3 Be7 4. Bg2 0-0 5. e3 c6 6. Nge2 d6 7. 0-0 Be6 8. b3 d5 9. cxd5 Nxd5 10. Bb2 Bf6 11. d4 exd4 12. Nxd4 Nxc3 13. Bxc3 Bd7 14. Qc2 Na6 15. Rad1 Qe7 16. Be4 g6 17. Bg2 Nc7 18. Ne2 Bg4 19. Bxf6 Qxf6 20. h3 Bf5 21. Qc3 Qe7 22. Nd4 Be4 23. Bxe4 Qxe4 24. Qd3 Qe7 25. Nf3 Rfd8 26. Qc2 Nd5 27. Kh2 Qf6 28. Kg2 Re8 29. Rfe1 Rad8 30. Qc5 b6 31. Qc2 c5 32. Qc4 Nc3 33. Rc1 Ne4 34. Rcd1 Rxd1 35. Rxd1 Qb2 36. Qf1 Qxa2 37. Ra1 Qxb3 38. Rxa7 Qb2 39. Ra1 Re6 40. Rb1 Qa2 41. Ra1 Qd5 42. Rd1 Qc6 0-1

[Event "South America-ch U16 13th"]
[Site "Santiago de Chile"]
[Date "2016.12.02"]
[Round "3"]
[White "Quispe Limo, Josue Arnaldo"]
[Black "Huarcaya Silloca, Carlos Enrique"]
[Result "1-0"]
[WhiteElo "1639"]
[BlackElo "1835"]
[PlyCount "34"]
[EventDate "2016.12.01"]
[EventType "swiss"]
[EventRounds "9"]
[EventCountry "CHI"]
[SourceTitle "EXT 2018"]
[Source "ChessBase"]
[SourceDate "2017.10.13"]
[SourceVersion "1"]
[SourceVersionDate "2017.10.13"]
[SourceQuality "1"]

1. c4 e5 2. Nc3 Nc6 3. g3 f5 4. Bg2 Nf6 5. e3 d6 6. Nge2 Be7 7. 0-0 0-0 8. d4 Rb8 9. b3 a5 10. Bb2 Qe8 11. Nd5 Bd8 12. dxe5 Nxe5 13. Nef4 Ne4 14. Nd3 b5 15. Nxe5 dxe5 16. cxb5 Be6 17. b6 cxb6 1-0